000 00696nam a2200217Ia 4500
001 9409
003 GE_BSU
008 181216s||||||||xx |||||||||||||| ||und||
040 _cGE_BSU
080 _a821.353.1-32
100 _aმიშველაძე,რევაზ
245 _aკაცნი:ნოველები
245 _cრედ.ციალა ქაროსანიძე,მხატვ.ზაურ დეისაძე
260 _aთბილისი
260 _bმერანი
260 _c1977
300 _a303გვ.ფოტოპორტრეტი.21სმ.
653 _aკაცნი
653 _aნოველები
942 _cBK
999 _c42703
_d42703